Methods of applied mathematics with a MATLAB overview (Record no. 7366)

MARC details
000 -LEADER
fixed length control field 00498 a2200181 4500
001 - CONTROL NUMBER
control field 133036
003 - CONTROL NUMBER IDENTIFIER
control field OSt
005 - DATE AND TIME OF LATEST TRANSACTION
control field 20220405141730.0
008 - FIXED-LENGTH DATA ELEMENTS--GENERAL INFORMATION
fixed length control field
020 ## - INTERNATIONAL STANDARD BOOK NUMBER
International Standard Book Number 9780817643317
082 ## - DEWEY DECIMAL CLASSIFICATION NUMBER
Classification number 510
Item number D29M
100 1# - MAIN ENTRY--PERSONAL NAME
Personal name Davis, Jon H
245 1# - TITLE STATEMENT
Title Methods of applied mathematics with a MATLAB overview
Statement of responsibility, etc by Jon H Davis
260 ## - PUBLICATION, DISTRIBUTION, ETC. (IMPRINT)
Place of publication, distribution, etc Boston
Name of publisher, distributor, etc Birkhauser
Date of publication, distribution, etc 2004
300 ## - PHYSICAL DESCRIPTION
Extent 721p.
690 ## - LOCAL SUBJECT ADDED ENTRY--TOPICAL TERM (OCLC, RLIN)
Topical term or geographic name as entry element MATLAB; Mathematical physics; Engineering mathematics
942 ## - ADDED ENTRY ELEMENTS (KOHA)
Source of classification or shelving scheme Dewey Decimal Classification
Koha item type Books
Holdings
Withdrawn status Lost status Source of classification or shelving scheme Damaged status Not for loan Collection code Home library Current library Date acquired Source of acquisition Total Checkouts Full call number Barcode Date last seen Date checked out Price effective from Koha item type
    Dewey Decimal Classification     General Text Book Central University Of Rajasthan Central University Of Rajasthan 08/08/2012 MTH 1 510 D29M 10602 28/03/2025 26/03/2025 02/09/2020 Books